[Event "AUTO-ELITE-1564"]
[Site "http://www.queenalice.com/game.php?id=1387949"]
[Date "2015.10.7"]
[Round "1"]
[White "capaputi"]
[Black "amarkin"]
[Result "0-1"]
[WhiteElo "2272"]
[BlackElo "2326"]

1. d4 Nf6 2. Nf3 d5 3. e3 e6 4. Bd3 c5 5. c3 Be7 6. Nbd2 c4 7. Bc2 b5 8. e4 O-O
9. e5 Nfd7 10. Nf1 Nc6 11. Ng3 Re8 12. O-O b4 13. Bd2 a5 14. h3 Rb8 15. Nh2 f5
16. exf6 Nxf6 17. Nf3 Qc7 18. Ng5 h6 19. Nf3 Bd6 20. Bg6 Rf8 21. Nh5 Ne4 22. Re1
Nxd2 23. Qxd2 a4 24. Re2 a3 25. bxa3 bxc3 26. Qxc3 Ra8 27. Bb1 Rxa3 28. Qc2 Rd3
29. a3 Rfxf3 30. gxf3 Nxd4 31. Qa2 Rxa3 0-1

[Event "AUTO-ELITE-1567"]
[Site "http://www.queenalice.com/game.php?id=1389101"]
[Date "2015.10.13"]
[Round "1"]
[White "amarkin"]
[Black "krodo"]
[Result "0-1"]
[WhiteElo "2373"]
[BlackElo "2588"]

1. d4 Nf6 2. c4 e6 3. a3 d5 4. Nc3 Be7 5. e3 O-O 6. Nf3 Nbd7 7. Qc2 b6 8. Bd3
dxc4 9. Bxc4 Bb7 10. O-O c5 11. Bd2 Bxf3 12. gxf3 cxd4 13. exd4 Nh5 14. Kh1 Bd6
15. Rg1 Bxh2 16. Rg4 Bd6 17. Rag1 g6 18. Bg5 Be7 19. Bh6 Ng7 20. Qd3 Re8 21. Bf4
Nf6 22. R4g2 Nfh5 23. Be3 Qc7 24. Rh2 Nf4 0-1

[Event "AUTO-ELITE-1567"]
[Site "http://www.queenalice.com/game.php?id=1389102"]
[Date "2015.10.13"]
[Round "1"]
[White "krodo"]
[Black "amarkin"]
[Result "1-0"]
[WhiteElo "2603"]
[BlackElo "2174"]

1. f4 Nf6 2. Nf3 g6 3. c4 d5 4. cxd5 Qxd5 5. Nc3 Qa5 6. d3 Bg7 7. e4 O-O 8. Bd2
c6 9. Be2 Qb6 10. Qc1 Rd8 11. d4 Bg4 12. Be3 Ne8 13. e5 Nc7 14. h3 Bxf3 15. Bxf3
Nd5 16. Bf2 Na6 17. Nxd5 cxd5 18. O-O e6 19. Qd2 Nb4 20. Be2 Nc6 21. Rac1 Bf8
22. g4 Bb4 23. Qe3 Bf8 24. f5 a6 25. Qd2 Rac8 26. Kh1 Re8 27. Bg1 Rc7 28. Bd3
Rec8 29. Be3 Bg7 30. Qf2 Nb4 31. Rxc7 Rxc7 32. Bb1 Qb5 33. Kg1 1-0

[Event "AUTO-ELITE-1567"]
[Site "http://www.queenalice.com/game.php?id=1389103"]
[Date "2015.10.13"]
[Round "1"]
[White "amarkin"]
[Black "pickles"]
[Result "0-1"]
[WhiteElo "2248"]
[BlackElo "2546"]

1. d4 Nf6 2. c4 g6 3. Nc3 d5 4. Qb3 dxc4 5. Qxc4 Be6 6. Qb5+ Nc6 7. Nf3 Bd7 8.
Qb3 Bg7 9. e4 O-O 10. e5 Ne8 11. Be2 Na5 12. Qa3 Nc6 13. Qb3 a5 14. O-O a4 15.
Qc4 Na5 16. Qd3 Bf5 17. Qd1 a3 18. b4 Nc6 19. b5 Nb4 20. d5 c5 21. dxc6 Qxd1 22.
Rxd1 bxc6 23. b6 Rb8 24. Na4 Bc2 25. Rd4 Nd5 26. Bxa3 Bxa4 27. Rxa4 Rxb6 28. Rc1
Nec7 29. g3 Nb5 0-1

[Event "AUTO-ELITE-1567"]
[Site "http://www.queenalice.com/game.php?id=1389104"]
[Date "2015.10.13"]
[Round "1"]
[White "pickles"]
[Black "amarkin"]
[Result "1-0"]
[WhiteElo "2548"]
[BlackElo "2245"]

1. d4 Nf6 2. c4 g6 3. Nc3 Bg7 4. Nf3 d5 5. Qb3 dxc4 6. Qxc4 c6 7. e4 O-O 8. Be2
Be6 9. Qd3 Na6 10. O-O Qc7 11. Qc2 Nb4 12. Qa4 a5 13. a3 Na6 14. Qc2 b5 15. Bg5
a4 16. Rfc1 Qb7 17. h3 Rfd8 18. Bd3 Bb3 19. Qe2 Nc7 20. d5 cxd5 21. e5 Ne4 22.
Bxe7 Nxc3 23. bxc3 Rd7 24. Bd6 Re8 25. Qd2 Qb6 26. Re1 Ne6 27. Qe3 Qxe3 28. Rxe3
Rb7 29. Bf1 1-0

[Event "AUTO-ELITE-1571"]
[Site "http://www.queenalice.com/game.php?id=1390648"]
[Date "2015.10.24"]
[Round "1"]
[White "Sexxy_Bunny"]
[Black "amarkin"]
[Result "1-0"]
[WhiteElo "2718"]
[BlackElo "2242"]

1. e4 e5 2. Nf3 Nf6 3. Nxe5 d6 4. Nf3 Nxe4 5. d4 d5 6. Bd3 Nc6 7. O-O Be7 8. c4
Nb4 9. Be2 O-O 10. Nc3 Be6 11. Ne5 f6 12. Nf3 Kh8 13. Re1 Re8 14. Bf1 f5 15.
cxd5 Bxd5 16. Nxd5 Nxd5 17. Ne5 Nd6 18. Bc4 c6 19. Qf3 g5 20. Bd2 g4 21. Qb3 Qb6
22. Bxd5 cxd5 23. Qxd5 1-0

[Event "AUTO-ELITE-1571"]
[Site "http://www.queenalice.com/game.php?id=1390649"]
[Date "2015.10.24"]
[Round "1"]
[White "amarkin"]
[Black "Sexxy_Bunny"]
[Result "0-1"]
[WhiteElo "2241"]
[BlackElo "2719"]

1. e4 c5 2. Nf3 d6 3. d4 cxd4 4. Qxd4 Nc6 5. Qd2 Nf6 6. Nc3 a6 7. Be2 e6 8. O-O
Be7 9. h3 O-O 10. Rd1 b5 11. a3 Bb7 12. Qf4 Rc8 13. Qg3 Nh5 14. Qh2 Qc7 15. Be3
Nf6 16. Qg3 Rfd8 17. Bh6 Nh5 18. Qg4 g6 19. Bg5 Ne5 20. Qh4 f6 21. Be3 Nf7 22.
g4 Ng7 23. Qg3 Kh8 0-1

[Event "AUTO-ELITE-1571"]
[Site "http://www.queenalice.com/game.php?id=1390654"]
[Date "2015.10.24"]
[Round "1"]
[White "kookaburra"]
[Black "amarkin"]
[Result "1-0"]
[WhiteElo "2298"]
[BlackElo "2240"]

1. d4 f5 2. e4 fxe4 3. Nc3 Nf6 4. Bg5 g6 5. Bxf6 exf6 6. Nxe4 d5 7. Nc3 Nc6 8.
Nf3 a6 9. Be2 Qd6 10. Qd2 Bd7 11. a3 g5 12. b4 g4 13. Nh4 f5 14. b5 Ne7 15. bxa6
bxa6 16. g3 Bh6 17. Qd1 c5 18. O-O Bg7 19. dxc5 Qxc5 20. Na2 Bxa1 21. Qxa1 O-O
22. Nb4 a5 23. Nd3 Qxc2 24. Nf4 Qc5 25. Nh5 1-0

[Event "AUTO-ELITE-1571"]
[Site "http://www.queenalice.com/game.php?id=1390655"]
[Date "2015.10.24"]
[Round "1"]
[White "amarkin"]
[Black "kookaburra"]
[Result "0-1"]
[WhiteElo "2230"]
[BlackElo "2308"]

1. e4 c5 2. Nf3 Nc6 3. d4 cxd4 4. Nxd4 e5 5. Nxc6 bxc6 6. Qf3 Nf6 7. Nc3 Bb4 8.
a3 Be7 9. Bc4 O-O 10. O-O d6 11. h3 a5 12. Rd1 Be6 13. Qe2 Qc7 14. Bg5 Rab8 15.
b3 h6 16. Be3 Rfc8 17. Rd2 Bxc4 18. bxc4 Qb7 19. Rd3 Qa6 20. c5 d5 21. Bxh6 Qc4
22. exd5 e4 23. Rg3 Qxe2 24. Rxg7+ Kh8 25. Nxe2 Nxd5 0-1